=LDR 00000nam 2200000 4500 =001 INLIS000000000037711 =005 20130612143428 =008 ***********************************Ind** =035 ##$$0010-061300000037711 =041 ##$$a Ind =082 ##$$a 693.85 =090 ##$$a 693.85, , Mut a =100 ##$$a Muto, Kiyoshi =245 ##$$a Analisis Perancangan Gedung Tahan Gempa =260 ##$$a Erlangga $b Jakarta =650 ##$$a Analisis =850 ##$$a NBPNMAT